000 00642nam a22002057a 4500
005 20170505145630.0
010 _aENG-117940
020 _c1095.00
_a9789350980798
035 _aEN-101472
037 _bDBAD/PUB
082 _a954.082
100 _aGhosh, Jamini Mohan
245 _aSannyasi and Fakir Rebellion in Bengal /
_cby Jamini Mohan Ghosh ;edited by Ananda Bhattacharyya
260 _aNew Delhi
_bMonohar
_c2014
270 _a4753/23 Ansari Road, Daryaganj
_bNew Delhi
_e110002
300 _a304p.
_c22cm(Hb)
500 _aInclude index
700 _aBhattacharyya, Ananda
942 _2ddc
_cEN
_h954.082
_mGHO
999 _c139238
_d139238